Introducción a las telecomunicaciones modernas

Bibliographic Details
Main Author: Herrera Pérez, Enrique
Format: Section = Libro
Language:Undetermined
Spanish
Published: México Limusa 2000
Subjects:
LEADER 00615nam a2200217Ia 4500
008 240829s9999 xx 000 0 und d
020 |a 968-18-5506-X 
040 |a BIBLIOTECA-RUSB/ 621.382 H565 
041 |a spa 
082 |a 621.382 H565 
100 1 |a Herrera Pérez, Enrique 
245 1 0 |a Introducción a las telecomunicaciones modernas 
260 |a México  |b Limusa  |c 2000 
300 |a 410 p. :il. 
650 7 |a INGENIERIA DE COMUNICACIONES 
650 7 |b  ANALISIS DE SEÑALES 
650 7 |c  TRANSFORMACIONES DE FOURIER 
650 7 |d  TRANSMISION DE SEÑALES 
942 |c BK  |2 ddc 
991 |a TEXTO 
999 |c 3484